[Event "Bayern-chI Bank Hofmann 27th"]
[Site "Gmund am Tegernsee"]
[Date "2024.10.29"]
[Round "4"]
[White "Forchert, Martin"]
[Black "Kather, Yannick"]
[Result "1-0"]
[WhiteElo "2316"]
[BlackElo "2108"]
[PlyCount "98"]
[EventDate "2024.10.26"]
[EventType "swiss"]
[EventRounds "9"]
[EventCountry "GER"]
[SourceTitle "CB45_2024"]
[Source "ChessBase"]
[SourceDate "2024.11.06"]
[SourceVersion "1"]
[SourceVersionDate "2024.11.06"]
[SourceQuality "1"]

1. e4 c5 2. Nf3 Nc6 3. d4 cxd4 4. Nxd4 g6 5. c4 Nf6 6. Nc3 d6 7. f3 Nxd4 8. Qxd4 Bg7 9. Be3 0-0 10. Qd2 a5 11. b3 Bd7 12. Be2 Bc6 13. 0-0 Nd7 14. Rab1 Nc5 15. Rfc1 e6 16. Nb5 Be5 17. Bf1 f5 18. exf5 gxf5 19. Nd4 f4 20. Bf2 Bxd4 21. Bxd4 e5 22. Bc3 Rf6 23. Rd1 Rg6 24. Qf2 Qf8 25. Rb2 Ne6 26. c5 Nxc5 27. Bc4+ Ne6 28. Rbd2 b5 29. Rxd6 bxc4 30. Rxc6 e4 31. fxe4 f3 32. g3 cxb3 33. Rxe6 Rxe6 34. Qd4 Kf7 35. Qd5 Qh6 36. Qxa8 Qe3+ 37. Kh1 Qxc3 38. Rd7+ Re7 39. Qd5+ Kf8 40. Rd8+ Re8 41. Qd6+ Kg7 42. Qd7+ Kh6 43. Qh3+ Kg7 44. Rd7+ Re7 45. Qg4+ Kf7 46. Qh5+ Kg8 47. Qg5+ Kf8 48. Qh6+ Qg7 49. Rd8+ Re8 1-0

[Event "EU-chT Seniors 50"]
[Site "Dresden"]
[Date "2022.10.31"]
[Round "5.1"]
[White "Forchert, Martin"]
[Black "Rabiega, Robert"]
[Result "0-1"]
[WhiteElo "2308"]
[BlackElo "2490"]
[PlyCount "54"]
[EventDate "2022.10.27"]
[EventType "team-swiss"]
[EventRounds "9"]
[EventCountry "GER"]
[SourceTitle "EXT 2024"]
[Source "ChessBase"]
[SourceDate "2023.10.10"]
[SourceVersion "1"]
[SourceVersionDate "2023.10.10"]
[SourceQuality "1"]
[WhiteTeam "Bielefeld 50"]
[BlackTeam "Berlin 50"]
[WhiteTeamCountry "GER"]
[BlackTeamCountry "GER"]

1. e4 e5 2. Nf3 Nf6 3. Nc3 Nc6 4. Bb5 Bc5 5. 0-0 0-0 6. Nxe5 Nxe5 7. d4 Bd6 8. f4 Neg4 9. Be2 Bb4 10. Bxg4 Bxc3 11. bxc3 Nxe4 12. c4 d5 13. Bf3 c6 14. cxd5 cxd5 15. c4 f5 16. cxd5 Qxd5 17. Re1 Be6 18. Rb1 b6 19. a4 Qd7 20. Bxe4 fxe4 21. a5 b5 22. d5 Bxd5 23. Rxe4 Qf5 24. Reb4 Rad8 25. Bd2 a6 26. Rd4 Qg6 27. g3 Bb7 0-1

[Event "Bayern-chI Bank Hofmann 23rd"]
[Site "Tegernsee"]
[Date "2019.10.31"]
[Round "6"]
[White "Forchert, Martin"]
[Black "Hallmann, Norbert"]
[Result "1-0"]
[WhiteElo "2335"]
[BlackElo "2105"]
[PlyCount "78"]
[EventDate "2019.10.26"]
[EventType "swiss"]
[EventRounds "9"]
[EventCountry "GER"]
[SourceTitle "CBM 192 Extra"]
[Source "Chessbase"]
[SourceDate "2019.11.06"]
[SourceVersion "1"]
[SourceVersionDate "2019.11.06"]
[SourceQuality "1"]

1. e4 Nc6 2. Nf3 d6 3. d4 Nf6 4. Nc3 e6 5. Bd3 Be7 6. a3 e5 7. d5 Nb8 8. Ne2 Nh5 9. h3 g5 10. g3 c5 11. c4 Bd7 12. Nc3 Ng7 13. Qc2 h6 14. Be3 Qa5 15. Nd2 Na6 16. Ke2 0-0 17. f4 Nh5 18. Rag1 f6 19. f5 Kf7 20. Nf1 Nc7 21. Bd2 Qa6 22. h4 Rh8 23. Kf2 Ng7 24. Ne3 Rag8 25. Be2 b6 26. Qd1 Qb7 27. Rh2 Ke8 28. Rgh1 Kd8 29. hxg5 fxg5 30. Rxh6 Rxh6 31. Rxh6 b5 32. cxb5 a6 33. Nc4 axb5 34. Nxd6 Bxd6 35. Rxd6 Rh8 36. Bxg5+ Kc8 37. Rh6 Rf8 38. Be7 Rf7 39. Bxc5 Kd8 1-0

[Event "Bayern-chI Bank Hofmann 22nd"]
[Site "Tegernsee"]
[Date "2018.10.27"]
[Round "1"]
[White "Nikanova, Ekaterina"]
[Black "Forchert, Martin"]
[Result "0-1"]
[WhiteElo "2088"]
[BlackElo "2363"]
[PlyCount "90"]
[EventDate "2018.10.27"]
[EventType "swiss"]
[EventRounds "9"]
[EventCountry "GER"]
[SourceTitle "CBM 187 Extra"]
[Source "ChessBase"]
[SourceDate "2018.11.04"]
[SourceVersion "1"]
[SourceVersionDate "2018.11.04"]
[SourceQuality "1"]

1. e4 Nf6 2. e5 Nd5 3. c4 Nb6 4. c5 Nd5 5. Nc3 c6 6. Qb3 Qc7 7. Nf3 b6 8. d4 bxc5 9. Nxd5 cxd5 10. Qxd5 Nc6 11. Ng5 e6 12. Qf3 d5 13. exd6 Bxd6 14. Bb5 Bb7 15. 0-0 0-0 16. Qd3 g6 17. Qh3 h5 18. dxc5 Bxc5 19. Be3 Bxe3 20. Qxe3 Qe5 21. Qxe5 Nxe5 22. Rac1 Rac8 23. Ra1 Bd5 24. b3 Rb8 25. f4 Rxb5 26. fxe5 Rb7 27. Rf4 Rd8 28. Raf1 Rdd7 29. Ne4 Bxe4 30. Rxe4 Rb5 31. Rf2 a5 32. h3 g5 33. Kh2 g4 34. h4 Kg7 35. Kg3 Kg6 36. Kf4 Rdd5 37. Rc2 Rd3 38. Rec4 f5 39. Re2 Rbd5 40. g3 R5d4+ 41. Rxd4 Rxd4+ 42. Ke3 Re4+ 43. Kd3 Rxe2 44. Kxe2 f4 45. Kd3 Kf5 0-1

[Event "NRW Class1 1718"]
[Site "Germany"]
[Date "2018.01.28"]
[Round "5.1"]
[White "Loifenfeld, Jakov"]
[Black "Forchert, Martin"]
[Result "1-0"]
[WhiteElo "2413"]
[BlackElo "2282"]
[PlyCount "135"]
[EventDate "2017.09.17"]
[EventType "team-tourn"]
[EventRounds "9"]
[EventCountry "GER"]
[SourceTitle "EXT 2019"]
[Source "ChessBase"]
[SourceDate "2018.10.10"]
[SourceVersion "1"]
[SourceVersionDate "2018.10.10"]
[SourceQuality "1"]
[WhiteTeam "Bruehl"]
[BlackTeam "Bielefeld"]
[WhiteTeamCountry "GER"]
[BlackTeamCountry "GER"]

1. Nf3 Nf6 2. c4 g6 3. Nc3 d5 4. cxd5 Nxd5 5. Qb3 Nb6 6. d4 Bg7 7. Bf4 Bg4 8. Ng5 0-0 9. h3 Bd7 10. e3 Nc6 11. d5 Ne5 12. Rd1 c6 13. dxc6 Nxc6 14. Nge4 Qc8 15. Nc5 Bf5 16. Be2 Nd7 17. Nxd7 Bxd7 18. 0-0 Be6 19. Qa3 Rd8 20. Nb5 Rxd1 21. Rxd1 Bd7 22. Qd3 Be8 23. Nc7 e5 24. Nxe8 exf4 25. Nxg7 Kxg7 26. exf4 Qe6 27. Qc3+ Kg8 28. Bc4 Qf5 29. Qe3 Qc2 30. Qb3 Qxb3 31. Bxb3 Na5 32. Bd5 Rc8 33. b4 Nc6 34. Rc1 Rd8 35. Bxc6 bxc6 36. Rxc6 Rd4 37. a3 a5 38. b5 a4 39. b6 Rd1+ 40. Kh2 Rb1 41. g4 Kg7 42. Kg2 Rb3 43. Rc4 Rxb6 44. Rxa4 Rb3 45. Ra6 h6 46. h4 Rc3 47. g5 hxg5 48. fxg5 Rd3 49. a4 Rd4 50. Kg3 Rc4 51. a5 Ra4 52. Ra8 Kh7 53. a6 Kg7 54. f4 Kh7 55. Kf3 Kg7 56. Kg4 Kh7 57. h5 gxh5+ 58. Kxh5 Rxf4 59. Rf8 Kg7 60. a7 Kxf8 61. a8Q+ Kg7 62. Qa1+ Kg8 63. Qe5 Rf1 64. Qd5 Kg7 65. Qd4+ Kg8 66. g6 fxg6+ 67. Kxg6 Rf6+ 68. Kxf6 1-0

[Event "Bayern-chI Bank Hofmann 21st"]
[Site "Tegernsee"]
[Date "2017.11.03"]
[Round "7"]
[White "Forchert, Martin"]
[Black "Engel, Johannes"]
[Result "1-0"]
[WhiteElo "2362"]
[BlackElo "2175"]
[PlyCount "67"]
[EventDate "2017.10.28"]
[EventType "swiss"]
[EventRounds "9"]
[EventCountry "GER"]
[SourceTitle "CBM 181 Extra"]
[Source "ChessBase"]
[SourceDate "2017.12.12"]
[SourceVersion "1"]
[SourceVersionDate "2017.12.12"]
[SourceQuality "1"]

1. e4 d6 2. d4 Nf6 3. Nc3 g6 4. Be3 Bg7 5. h3 0-0 6. Nge2 e5 7. d5 b5 8. a3 Nbd7 9. g4 a6 10. Ng3 Nc5 11. Qd2 Rb8 12. g5 Ne8 13. h4 Bg4 14. Be2 Bxe2 15. Qxe2 f6 16. h5 fxg5 17. hxg6 hxg6 18. b4 Nd7 19. Qg4 Bf6 20. Kd2 Ng7 21. Rh6 Kf7 22. Qf3 Nb6 23. Ke2 Kg8 24. Rah1 Qe8 25. Bxg5 Qe7 26. Bc1 Bh4 27. Qg4 g5 28. Nf5 Rxf5 29. exf5 Rf8 30. R1xh4 gxh4 31. Rg6 Nd7 32. Ne4 Nf6 33. Rxf6 Rxf6 34. Bg5 1-0

[Event "Bayern-chI Bank Hofmann 21st"]
[Site "Tegernsee"]
[Date "2017.10.30"]
[Round "3"]
[White "Forchert, Martin"]
[Black "Boecker, Juergen"]
[Result "1-0"]
[WhiteElo "2362"]
[BlackElo "1925"]
[PlyCount "39"]
[EventDate "2017.10.28"]
[EventType "swiss"]
[EventRounds "9"]
[EventCountry "GER"]
[SourceTitle "CBM 181 Extra"]
[Source "ChessBase"]
[SourceDate "2017.12.12"]
[SourceVersion "1"]
[SourceVersionDate "2017.12.12"]
[SourceQuality "1"]

1. d4 Nf6 2. Nc3 d5 3. Bg5 Nbd7 4. Qd3 c6 5. Nf3 Qc7 6. e4 dxe4 7. Nxe4 Nxe4 8. Qxe4 Nf6 9. Bxf6 gxf6 10. Bc4 Qa5+ 11. c3 Qf5 12. Qe2 Bh6 13. 0-0 Rg8 14. Rfe1 e6 15. Rad1 Bd7 16. d5 0-0-0 17. dxe6 Rxg2+ 18. Kxg2 Rg8+ 19. Kh1 fxe6 20. Bxe6 1-0

[Event "Bayern-chI Bank Hofmann 20th"]
[Site "Bad Wiessee"]
[Date "2016.11.04"]
[Round "7"]
[White "Azarov, Sergei Nikolaevich"]
[Black "Forchert, Martin"]
[Result "1-0"]
[WhiteElo "2577"]
[BlackElo "2375"]
[PlyCount "111"]
[EventDate "2016.10.29"]
[EventType "swiss"]
[EventRounds "9"]
[EventCountry "GER"]
[SourceTitle "CBM 175 Extra"]
[Source "ChessBase"]
[SourceDate "2016.12.12"]
[SourceVersion "1"]
[SourceVersionDate "2016.12.12"]
[SourceQuality "1"]

1. e4 Nf6 2. e5 Nd5 3. d4 d6 4. c4 Nb6 5. exd6 exd6 6. Nc3 Be7 7. Bd3 Nc6 8. Nge2 Nb4 9. Bb1 c6 10. a3 Na6 11. Qd3 g6 12. Ng3 0-0 13. 0-0 d5 14. c5 Nd7 15. Bf4 Nc7 16. Nf5 Bf6 17. Nh6+ Kh8 18. Ng4 Bg7 19. Bd6 Re8 20. Bc2 Ne6 21. Rae1 b6 22. b4 bxc5 23. dxc5 a5 24. Ne5 Nxe5 25. Bxe5 axb4 26. axb4 d4 27. Qf3 Bxe5 28. Rxe5 dxc3 29. Rd1 Qc7 30. Qxc3 Kg8 31. Rde1 Bd7 32. Bb3 Rad8 33. h4 h6 34. Qg3 Kh7 35. h5 g5 36. Bc2+ Kg7 37. Qc3 Kg8 38. Bb3 Bc8 39. Qg3 Qb7 40. f4 Kf8 41. fxg5 hxg5 42. h6 Qxb4 43. h7 Qd4+ 44. Kh2 Kg7 45. R1e4 Qd2 46. Bxe6 Bxe6 47. Rxg5+ Kf6 48. Rg8 Rxg8 49. hxg8N+ Rxg8 50. Qxg8 Qh6+ 51. Kg3 Ke7 52. Qg4 Qc1 53. Qh5 Qc3+ 54. Kh2 Qc2 55. Qe5 Kf8 56. Rh4 1-0

[Event "Bayern-chI Bank Hofmann 20th"]
[Site "Bad Wiessee"]
[Date "2016.10.30"]
[Round "2"]
[White "Forchert, Martin"]
[Black "Kuempers, Ulrich"]
[Result "1-0"]
[WhiteElo "2375"]
[BlackElo "2062"]
[PlyCount "115"]
[EventDate "2016.10.29"]
[EventType "swiss"]
[EventRounds "9"]
[EventCountry "GER"]
[SourceTitle "CBM 175 Extra"]
[Source "ChessBase"]
[SourceDate "2016.12.12"]
[SourceVersion "1"]
[SourceVersionDate "2016.12.12"]
[SourceQuality "1"]

1. e4 c6 2. d4 d5 3. e5 Bf5 4. Nf3 e6 5. Be2 Nd7 6. 0-0 h6 7. Nbd2 Ne7 8. Nb3 g5 9. Ne1 Qc7 10. Nd3 Ng6 11. Be3 Bg7 12. Rc1 0-0 13. Bg4 Ne7 14. Bd2 a5 15. a4 b6 16. f4 f6 17. exf6 Nxf6 18. Bxf5 Nxf5 19. fxg5 hxg5 20. Bxg5 Ne4 21. Bf4 Qe7 22. Qg4 c5 23. Ne5 c4 24. Nd2 Nf6 25. Qd1 Nxd4 26. Ng6 Qc5 27. Be3 Rfe8 28. c3 e5 29. cxd4 exd4 30. Bf2 Ne4 31. Nf4 Re7 32. Nb3 Qd6 33. Bxd4 cxb3 34. Bxg7 Rxg7 35. Qxd5+ Qxd5 36. Nxd5 Rd8 37. Rcd1 Rgd7 38. Rf5 Kg7 39. Rd4 Nf6 40. Rxf6 Rxd5 41. Rxd5 Rxd5 42. Rxb6 Rd1+ 43. Kf2 Rd2+ 44. Kg3 Rxb2 45. h4 Ra2 46. Rxb3 Rxa4 47. Rb7+ Kg6 48. Rb6+ Kg7 49. Ra6 Kh7 50. h5 Kg7 51. Kh3 Rb4 52. Rxa5 Kh6 53. g4 Rb1 54. Ra6+ Kg5 55. Rg6+ Kf4 56. h6 Ra1 57. g5 Kf5 58. Rg7 1-0

[Event "Bayern-chI Bank Hofmann 19th"]
[Site "Bad Wiessee"]
[Date "2015.11.05"]
[Round "6"]
[White "Fauth, Dietmar"]
[Black "Forchert, Martin"]
[Result "1/2-1/2"]
[WhiteElo "2130"]
[BlackElo "2376"]
[PlyCount "66"]
[EventDate "2015.10.31"]
[EventType "swiss"]
[EventRounds "9"]
[EventCountry "GER"]
[SourceTitle "CBM 169 Extra"]
[Source "ChessBase"]
[SourceDate "2015.12.18"]
[SourceVersion "1"]
[SourceVersionDate "2015.12.18"]
[SourceQuality "1"]

1. e4 Nf6 2. Nc3 d5 3. e5 Ne4 4. Nce2 f6 5. d3 Ng5 6. f4 Nf7 7. d4 c5 8. c3 Nc6 9. Nf3 Bg4 10. dxc5 fxe5 11. Nxe5 Nfxe5 12. fxe5 e6 13. Be3 Qc7 14. Qa4 Qxe5 15. Qf4 0-0-0 16. h3 Bh5 17. Qxe5 Nxe5 18. Nf4 Bf7 19. 0-0-0 Be7 20. Be2 Nc4 21. Bd4 e5 22. Bxc4 dxc4 23. Bxe5 Bxc5 24. Bd4 Bxd4 25. cxd4 g5 26. Ne2 Bd5 27. Rhg1 Rhf8 28. Nc3 Rf2 29. Rd2 Rxd2 30. Kxd2 Bc6 31. Ke3 b5 32. d5 Bxd5 33. Nxb5 Kb7 1/2-1/2

[Event "Bayern-chI Bank Hofmann 19th"]
[Site "Bad Wiessee"]
[Date "2015.11.04"]
[Round "5"]
[White "Forchert, Martin"]
[Black "Alekseev, Evgeny V"]
[Result "1/2-1/2"]
[WhiteElo "2376"]
[BlackElo "2642"]
[PlyCount "52"]
[EventDate "2015.10.31"]
[EventType "swiss"]
[EventRounds "9"]
[EventCountry "GER"]
[SourceTitle "CBM 169 Extra"]
[Source "ChessBase"]
[SourceDate "2015.12.18"]
[SourceVersion "1"]
[SourceVersionDate "2015.12.18"]
[SourceQuality "1"]

1. e4 c5 2. Nf3 Nc6 3. d4 cxd4 4. Nxd4 Qb6 5. Nb3 Nf6 6. Nc3 e6 7. Bd3 Be7 8. Be3 Qc7 9. f4 d6 10. g4 d5 11. e5 Nd7 12. Nb5 Qd8 13. g5 b6 14. N3d4 Bb7 15. Qh5 Nc5 16. 0-0 g6 17. Qh6 Bf8 18. Qh3 Qd7 19. Nd6+ Bxd6 20. exd6 Qxd6 21. Nxc6 Qxc6 22. Bd4 Rf8 23. b4 Nd7 24. a4 Qd6 25. c3 a6 26. Qe3 Rg8 1/2-1/2

[Event "Bayern-chI Bank Hofmann 19th"]
[Site "Bad Wiessee"]
[Date "2015.11.03"]
[Round "4"]
[White "Forchert, Martin"]
[Black "Basener, Winfried"]
[Result "1-0"]
[WhiteElo "2376"]
[BlackElo "2125"]
[PlyCount "95"]
[EventDate "2015.10.31"]
[EventType "swiss"]
[EventRounds "9"]
[EventCountry "GER"]
[SourceTitle "CBM 169 Extra"]
[Source "ChessBase"]
[SourceDate "2015.12.18"]
[SourceVersion "1"]
[SourceVersionDate "2015.12.18"]
[SourceQuality "1"]

1. e4 e6 2. d4 d5 3. Nd2 Nf6 4. e5 Nfd7 5. Bd3 c5 6. c3 Nc6 7. Ne2 cxd4 8. cxd4 f6 9. exf6 Nxf6 10. Nf3 Bd6 11. 0-0 Qc7 12. Bg5 Bd7 13. Bh4 0-0 14. Bg3 g6 15. Rc1 Ng4 16. Nc3 a6 17. Na4 Rae8 18. Nc5 Bc8 19. Bb1 Bxg3 20. hxg3 Qg7 21. Qd2 Rxf3 22. gxf3 Nxd4 23. Rc3 Ne5 24. Qd1 Rf8 25. f4 Nc4 26. Nb3 Nb5 27. Rc1 Qxb2 28. Bd3 Nbd6 29. Rc2 Qg7 30. Re1 b5 31. Bf1 g5 32. fxg5 Qxg5 33. Bg2 Rf6 34. Rce2 Nf5 35. Nd4 Nxd4 36. Qxd4 Bd7 37. Qa7 Rf7 38. Qxa6 Nd2 39. Qd6 Nc4 40. Qc5 Qf6 41. Bh3 d4 42. Rf1 d3 43. Re4 e5 44. Bxd7 Rxd7 45. Qxb5 Nd2 46. Qxd7 Nf3+ 47. Kg2 d2 48. Rg4+ 1-0